ホームランを打った経験のある現役投手(2026) - Statistics

General Stats
  • This quiz has been taken 57 times
    10 since last reset
  • The average score is 10 of 14
Answer Stats
現所属 ホームラン
日付(相手投手)
選手名 % Correct
阪神 2020/6/19(G菅野) 西勇輝
90%
DeNA 2014/4/15(C九里)2018/6/27(DB田中) 2021/4/16(S石川) 藤浪晋太郎
90%
広島 2020/6/19(DB国吉) 大瀬良大地
90%
広島 2023/6/28(DB石田) 森下暢仁
90%
広島 2025/9/9(G戸郷) 床田寛樹
90%
ヤクルト 2015/8/5(G小山) 2016/8/17(DB久保) 2022/6/3(L髙橋) 小川泰弘
80%
日本ハム 2023/4/30(H藤井)2025/4/6(B髙島) 2026/4/11(H上沢) 2026/4/16(M木村) 2026/5/6(E中込) 矢澤宏太
80%
楽天 2008/9/28(S川島)2015/10/2(D若松) 前田健太
80%
中日 2026/5/20(T石黒) マラー
70%
ロッテ 2025/8/29(D柳) ジャクソン
70%
DeNA 2024/5/18(D松葉) 中川颯
60%
中日 2022/3/29(G山﨑) 勝野昌慶
50%
日本ハム 2018/6/18(C福井) 上原健太
50%
中日 2021/5/4(DB大貫) 根尾昂
40%
No matching quizzes found
Score Distribution
Percent of People with Each Score
Percentile by Number Answered
Your Score History
You have not taken this quiz since the last reset